Karty Clash Royale bez samogłosek #7 - Statystyki

Ogólne statystyki
  • Ten quiz został rozwiązany 9 razy
  • Średni wynik to 8 z 11
Statystyki odpowiedzi
Hint Odpowiedź % Poprawnych
BMB TWR Bomb Tower
100%
LTTL PRNC Little Prince
100%
WTCH Witch
100%
MN PKK Mini Pekka
89%
SPR GBLNS Spear Goblins
89%
GNT Giant
78%
LV HND Lava Hound
67%
MNR Miner
67%
RRWS Arrows
56%
C GLM Ice Golem
22%
PSN Poison
11%
Nie znaleziono quizów pasujących do podanych kryteriów
Rozkład punktacji
Procent ludzi z każdym wynikiem
Percentyl według liczby udzielonych odpowiedzi
Twoja historia wyników
Nie rozwiązałeś tego quizu